Регионална библиотека "Любен Каравелов" - Русе

Кучешки времена (Запис номер 78486)

MARC детайли
000 -Лидер
Контролно поле с фиксирана дължина 01544nam a2200373 c 4500
003 - Код на организацията, давaща контролен номер
Контролно поле BLK
005 - Дата и час на последна редакция
Контролно поле 20240316160802.0
008 - Елементи от данни с фиксирана дължина
fixed length control field 180408b bul|||||r ||||||| ||bul||
010 ## - Наследен системен номер
LC control number KNG00082952000
020 ## - Международен стандартен номер на книга ISBN
Международен стандартен номер на книга ISBN 978-954-9446-53-1
-- издат.: Балкани
040 ## - Източник на каталожния запис
Идентификатор на билиотеката - собственик на записа BLK
041 ## - Код за език
Код за езика на текст/звукозапис или на отделно заглавие Български
Код за езика КДБФ Български
080 ## - УДК
Текстов определител УДК Немска литература
УДК код - определител по УДК 821.112.2
УДК определител -94
УДК - код + определител 821.112.2-94
080 ## - УДК
Текстов определител УДК Българска литература
УДК код - определител по УДК 821.163.2
УДК определител -054.7-94
УДК - код + определител 821.163.2-054.7-94
100 1# - Редна дума - Автор
Автор Троянов, Илия Маринов
Авторска отговорност първи автор
R(LIN) 262366
139 ## - Редно поле
Редна дума Троянов, Илия Маринов
Авторски знак Тро - Т 86
245 10 - Сведения за заглавието
Заглавие Кучешки времена
Подзаглавни данни Революция менте - 1989
Редно поле (дума) Илия Маринов Троянов; прев. от нем. Пенка Емилова Ангелова.
257 ## - Страна на издаване
Страна на създаване/издаване Германия
260 ## - Област на издателските данни
-- София
Име на издателя, разпространителя и проч. Балкани
Година на издаване 2008
300 ## - Физическа характеристика
Страници 320 с.
Размери/Мащаб 20 см
380 ## - Жанр
Жанр Худож. лит.
490 1# - СЕРИИ (Колекции)
Име на серия Поредица Заедно в различията - Думи и Хора
500 ## - Общи забележки
Забележка Ориг. загл. Hundezeiten / Ilija Trojanow. - Офс. изд. - 1 000 тир. - Библиогр. с. 317-319.
504 ## - Забележка за наличие на библиография и др
Забележка за наличие на библиография и под. 317-319
590 ## - Забележки на библиотеката, притежаваща документа (RLIN)
Служебно ф
651 #4 - Допълнително описание по предмет - топоним
Географско понятие България
9 (RLIN) 241624
700 1# - Други автори (авторска отговорност)
Лично име Ангелова, Пенка Емилова
Автороска отговорност (Описва отношението между автора и произведението) прев. от нем.
9 (RLIN) 364138
852 ## - Местоположение
Форматна сигнатура Цб 239434
856 4# - Електронен адрес и достъп
Електронен формат pdf - файл
Път до файла /url/
856 4# - Електронен адрес и достъп
Електронен формат pdf - файл
Път до файла /url/
942 ## - АРТИКУЛИ
Вид на библиотечния материал Книги
Скрит в OPAC Не
Koha issues (borrowed), all copies 11
944 ## - СЪЗДАВАНЕ И РЕДАКЦИЯ на ЗАПИСА
Създаване/Редакция Създаване
Дата на регистрацията/редакция 07.04.2008
Служител, извършил регистрацията/редакцията 30576
Статус, дата на статуса Цветомила Тодорова
944 ## - СЪЗДАВАНЕ И РЕДАКЦИЯ на ЗАПИСА
Създаване/Редакция Редакция
Дата на регистрацията/редакция 20.11.2013
Служител, извършил регистрацията/редакцията
999 ## - СИСТЕМНИ КОНТРОЛНИ НОМЕРА
Koha biblionumber 78486
Koha biblioitemnumber 78486
Наличности
Код за отписване Код за изгубен артикул Код за повреда Коз за рестрикции Код за отдаване Артикулен № Име на библиотеката - собственик Име на библиотеката, в която се намира в момента Статус (Текущо местоположение) Дата на вписване в системата Местоположение - отдел Цена в лева Инвентарен номер Систематично азбучна сигнатура Баркод Номер на екземпляра Цена в евро Служебна бележка Служебен тип на артикула Източник на класификационната схема
Изтеглен Не е изгубен Не е повреден без рестрикции заемане за дома 126900 Регионална библиотека "Любен Каравелов" Русе Регионална библиотека "Любен Каравелов" Русе Заемна - подръчен фонд 2008-04-07 Заемна - подръчен фонд 16.00 120000725237 П 830-9/Т 86 120000725237 1 8.18 Дост: Pk Вид: Ф N: 2100 Дата: 03.04.2008 Дата инв: 12.02.2018 Бележки инв: П2018 Книги  
Изтеглен Не е изгубен Не е повреден без рестрикции заемане за дома 126901 Регионална библиотека "Любен Каравелов" Русе Регионална библиотека "Любен Каравелов" Русе Заемна - подръчен фонд 2008-04-07 Заемна - подръчен фонд 16.00 120000725238 П 830-9/Т 86 120000725238 2 8.18 Дост: Pk Вид: Ф N: 2100 Дата: 03.04.2008 Дата инв: 12.02.2018 Бележки инв: П2018 Книги Universal Decimal Classification
Изтеглен Не е изгубен Не е повреден без рестрикции заемане за дома 126902 Регионална библиотека "Любен Каравелов" Русе Регионална библиотека "Любен Каравелов" Русе Заемна - подръчен фонд 2008-05-19 Заемна - подръчен фонд 16.00 120000726399 П 830-9/Т 86 120000726399 3 8.18 Дост: Pk Вид: Ф N: 3672 Дата: 14.05.2008 Книги Universal Decimal Classification
Изтеглен Не е изгубен Не е повреден без рестрикции заемане за дома 126903 Регионална библиотека "Любен Каравелов" Русе Регионална библиотека "Любен Каравелов" Русе Заемна - подръчен фонд 2008-05-19 Заемна - подръчен фонд 16.00 120000726400 П 830-9/Т 86 120000726400 4 8.18 Дост: Pk Вид: Ф N: 3672 Дата: 14.05.2008 Книги Universal Decimal Classification
Изтеглен Не е изгубен Не е повреден без рестрикции заемане за дома 126904 Регионална библиотека "Любен Каравелов" Русе Регионална библиотека "Любен Каравелов" Русе Заемна - подръчен фонд 2008-09-25 Заемна - подръчен фонд 16.00 120000729328 П 830-9/Т 86 120000729328 5 8.18 Дост: Pk Вид: Ф N: 8930 Дата: 24.09.2008 Книги Universal Decimal Classification
Изтеглен Не е изгубен Не е повреден без рестрикции заемане за дома 126905 Регионална библиотека "Любен Каравелов" Русе Регионална библиотека "Любен Каравелов" Русе Заемна - подръчен фонд 2008-09-25 Заемна - подръчен фонд 16.00 120000729329 П 830-9/Т 86 120000729329 6 8.18 Дост: Pk Вид: Ф N: 8930 Дата: 24.09.2008 Дата инв: 12.02.2018 Бележки инв: П2018 Книги  
  Не е изгубен Не е повреден без рестрикции заемане за дома 126906 Регионална библиотека "Любен Каравелов" Русе Регионална библиотека "Любен Каравелов" Русе Заемна - подръчен фонд 2008-09-25 Заемна - подръчен фонд 16.00 120000729330 П 830-9/Т 86 120000729330 7 8.18 Дост: Pk Вид: Ф N: 8930 Дата: 24.09.2008 Дата инв: 12.02.2018 Бележки инв: П2018 Книги  
  Не е изгубен Не е повреден без рестрикции ползва се в читалня 126907 Регионална библиотека "Любен Каравелов" Русе Регионална библиотека "Любен Каравелов" Русе Хранилище 2013-07-05 Хранилище 16.00 120000767638 Цб 239434 120000767638 8 8.18 Дост: Dp Вид: Д N: 10 Дата: 05.03.2012 Книги  
  Не е изгубен Не е повреден без рестрикции заемане за дома 727830 Регионална библиотека "Любен Каравелов" Русе Регионална библиотека "Любен Каравелов" Русе Заемна - подръчен фонд 2019-07-03 Заемна - подръчен фонд 16.00   П 830-9/Т 86 120000833186   8.18   Книги Universal Decimal Classification
Vip Innovations Ltd, Rousse, Bulgaria 2025